书目信息 |
| 题名: |
风景
|
|
| 作者: | 刘明明 编著 | |
| 分册: | ||
| 出版信息: | 重庆 西南师范大学出版社 2000.03 |
|
| 页数: | 30页 | |
| 开本: | 16开 | |
| 丛书名: | ||
| 单 册: | ||
| 中图分类: | J211.6 | |
| 科图分类: | ||
| 主题词: | 绘画--技法(美术) | |
| 电子资源: | ||
| ISBN: | 7-5621-2018-8 | |
| 000 | 00537nam0 2200193 45 | |
| 001 | 0009301853 | |
| 005 | 20001218102536.1 | |
| 010 | @a7-5621-2018-8@d12.00元 | |
| 100 | @a20000930d2000 km y0chiy0120 ea | |
| 101 | 0 | @achi |
| 105 | @a z 000yy | |
| 200 | 1 | @a风景@AFeng Jing@f刘明明编著@FLiu Ming Ming Bian Zhu |
| 210 | @a重庆@c西南师范大学出版社@d2000.03 | |
| 215 | @a30页@d16开 | |
| 606 | 0 | @a绘画@x技法(美术) |
| 690 | @aJ211.6@v3 | |
| 701 | 0 | @a刘明明@4编著 |
| 801 | @aCN@bPftUser@c20000930 | |
| 905 | @dJ211.6@eL533@b308215-219@f5 | |
| 风景/刘明明编著.-重庆:西南师范大学出版社,2000.03 |
| 30页;16开 |
| ISBN 7-5621-2018-8:12.00元 |
| ● |
| 相关链接 |
|
|
|
正题名:风景
索取号:J211.6/L533
 
预约/预借
| 序号 | 登录号 | 条形码 | 馆藏地/架位号 | 状态 | 备注 |
| 1 | 308215 | 203082154 | 自科二线404/309社科库 69排4列6层/ [索取号:J211.6/L533] | 在馆 | |
| 2 | 308216 | 203082163 | 社科库309/309社科库 68排2列2层/ [索取号:J211.6/L533] | 在馆 | |
| 3 | 308217 | 203082172 | 社科库309/309社科库 68排2列2层/ [索取号:J211.6/L533] | 在馆 | |
| 4 | 308218 | 203082181 | 自科二线404/309社科库 70排1列6层/ [索取号:J211.6/L533] | 在馆 | |
| 5 | 308219 | 203082190 | 社科库309/ [索取号:J211.6/L533] | 在馆 |